000 00806nas a2200241 4500
001 BR9000807
003 BR-BrBNA
005 20231205091816.0
007 ta
008 230509b bl.|||p| |||| 00| 00por d
040 _aBR-BrBNA
_bpor
_cBiblioteca Nacional de Agricultura
041 _a(Pt)
072 _aH10
100 1 _aGabriel, D.
245 1 _aUso do inseticida propoxur em armadilhas com feromonio utilizadas na captura do bicudo do algodoeiro Anthonomus grandis Boheman, 1843. (Coleoptera; Curculionidae)
_bComunicacao Cientifica
650 _aALGODAO
650 _aBICUDO
650 _aINSETICIDA
650 _aARMADILHA
773 0 _tBiologico (Brazil)
_xISSN 0366-0567
_g(Apr-Jun 1986), v. 52(4-6) p.49-51
_wBR9000807
909 _a202311
_bLúcia
_c55
_dLúcia Elande
942 _2AGRIS
_n0
_cANA
999 _c127485
_d127485